Kliknij dzielnice Warszawy na mapie - Statystyki

Ogólne statystyki
  • Ten quiz został rozwiązany 260 razy
  • Średni wynik to 13 z 18
Odpowiedzi na mapie
Odpowiedzi zakodowano w zielono-czerwonej skali na mapie do tego quizu, zgodnie z poniższymi procentami.
 
Statystyki odpowiedzi
Odpowiedź % Poprawnych
Praga-Południe
91%
Białołęka
88%
Śródmieście
86%
Mokotów
83%
Praga-Północ
82%
Żoliborz
82%
Wawer
75%
Bielany
74%
Targówek
74%
Rembertów
72%
Wilanów
71%
Włochy
71%
Wola
70%
Ursynów
69%
Ochota
68%
Wesoła
66%
Ursus
63%
Bemowo
62%
Nie znaleziono quizów pasujących do podanych kryteriów
Rozkład punktacji
Procent ludzi z każdym wynikiem
Percentyl według liczby udzielonych odpowiedzi
Twoja historia wyników
Nie rozwiązałeś tego quizu